[Event "LXVI C.to Italiano"]
[Site "Cremona ITA"]
[Date "2006.12.02"]
[Round "10"]
[White "Manca, Federico"]
[Black "Piscopo, Pierluigi"]
[Result "1/2-1/2"]
[WhiteElo "2425"]
[BlackElo "2380"]
[PlyCount "126"]
[EventDate "2006.11.22"]

1. e4 c5 2. Nf3 e6 3. c3 d5 4. exd5 exd5 5. d4 Nc6 6. Bb5 Bd6 7. dxc5 Bxc5 8.
O-O Nge7 9. Nbd2 O-O 10. Nb3 Bb6 11. Bd3 Nf5 12. Re1 Qd6 13. Bc2 Rd8 14. Qd3 g6
15. Qd2 Bc7 16. Bxf5 Bxf5 17. Qh6 Re8 18. Be3 f6 19. Nbd4 Bd3 20. Rad1 Ba6 21.
Nxc6 bxc6 22. b4 Re4 23. Bc5 Qe6 24. Bd4 Qf7 25. Bxf6 Qf8 26. Qxf8+ Rxf8 27.
Rxe4 dxe4 28. Be5 Bb6 29. Nd4 Re8 30. Bf4 c5 31. Nb3 cxb4 32. cxb4 Bc4 33. Be3
Ra8 34. Rc1 Bd5 35. Rd1 Bc4 36. h3 Bd3 37. Nc5 Bxc5 38. Bxc5 a5 39. a3 axb4 40.
axb4 Ra2 41. Kh2 Kf7 42. Kg3 g5 43. Rc1 Rb2 44. Ra1 Kg6 45. Ra8 Bc4 46. Rb8
Rb3+ 47. Be3 Kf5 48. Rb7 h5 49. Rb8 Be2 50. Kh2 Rb1 51. Rf8+ Kg6 52. Bc5 Bc4
53. Rd8 Rb2 54. Rd4 Bd3 55. Rd6+ Kf7 56. Rb6 Bf1 57. Bd4 Rd2 58. Be3 Rd5 59.
Rc6 Bb5 60. Rc5 Rxc5 61. Bxc5 Ke6 62. Kg3 Kf5 63. h4 g4 1/2-1/2